[Event "Moscow Open F Student 2014"]
[Site "Moscow RUS"]
[Date "2014.02.05"]
[Round "5.1"]
[White "Bajarani, Ulvi"]
[Black "Belous, Vladimir"]
[Result "0-1"]
[WhiteTitle "GM"]
[BlackTitle "GM"]
[WhiteElo "2504"]
[BlackElo "2569"]
[WhiteFideId "13403028"]
[BlackFideId "4174003"]

1. d4 Nf6 2. c4 g6 3. Nc3 d5 4. Nf3 Bg7 5. Qb3 dxc4 6. Qxc4 O-O 7. e4 a6 8. Be2
b5 9. Qb3 Nc6 10. e5 Nd7 11. e6 Nxd4 12. Nxd4 Nc5 13. Qd5 Qxd5 14. Nxd5 Bxd4 15.
Bh6 Bxe6 16. Nxc7 Bxb2 17. Rd1 Bc3+ 18. Kf1 Bxa2 19. Nxa8 Rxa8 20. g3 Bb3 21.
Rb1 Bd5 22. f3 b4 23. Kg2 a5 24. Rhd1 Ba2 25. Rbc1 Bb3 26. Rf1 a4 27. Be3 Ne6
28. Rb1 Bc2 29. Rbc1 b3 30. Bd1 Bd4 31. Bxc2 Bxe3 32. Rce1 bxc2 33. Rxe3 Rc8 0-1

[Event "Moscow Open F Student 2014"]
[Site "Moscow RUS"]
[Date "2014.02.05"]
[Round "5.2"]
[White "Bernadskiy, Vitaliy"]
[Black "Dragun, Kamil"]
[Result "1/2-1/2"]
[WhiteTitle "IM"]
[BlackTitle "GM"]
[WhiteElo "2565"]
[BlackElo "2517"]
[WhiteFideId "14100371"]
[BlackFideId "1134167"]

1. e4 c5 2. Nf3 d6 3. d4 cxd4 4. Nxd4 Nf6 5. f3 e5 6. Nb3 a5 7. Bb5+ Nc6 8. c4
Be7 9. Nc3 O-O 10. Be3 Be6 11. Nd5 Nd7 12. Qd2 a4 13. Nc1 Nc5 14. Ne2 Bxd5 15.
cxd5 Na7 16. Bxc5 Nxb5 17. Be3 a3 18. O-O axb2 19. Qxb2 Na3 20. Bb6 Qd7 21. Rfc1
Qa4 22. Bf2 b5 23. Qb3 Rfb8 24. Rc7 Bf8 25. Qxa4 Rxa4 26. Rac1 g6 27. Rc8 Rxc8
28. Rxc8 Nb1 29. Be3 Kg7 30. Nc1 f5 31. Rc7+ Kg8 32. Rc8 Kg7 1/2-1/2

[Event "Moscow Open F Student 2014"]
[Site "Moscow RUS"]
[Date "2014.02.05"]
[Round "5.3"]
[White "Artemiev, Vladislav"]
[Black "Gordievsky, Dmitry"]
[Result "1-0"]
[WhiteTitle "IM"]
[BlackTitle "FM"]
[WhiteElo "2595"]
[BlackElo "2444"]
[WhiteFideId "24101605"]
[BlackFideId "24112798"]

1. c4 c6 2. Nf3 d5 3. g3 dxc4 4. Bg2 e6 5. a4 Nf6 6. Na3 Bxa3 7. Rxa3 Nd5 8. a5
Nd7 9. Qc2 c5 10. Qxc4 Rb8 11. d4 b5 12. axb6 axb6 13. Bg5 f6 14. Bd2 b5 15. Qc2
c4 16. e4 b4 17. Ra1 c3 18. exd5 cxd2+ 19. Nxd2 e5 20. O-O O-O 21. Nb3 exd4 22.
Nxd4 Ne5 23. Nc6 Nxc6 24. dxc6 Qc7 25. Rfe1 1-0

[Event "Moscow Open F Student 2014"]
[Site "Moscow RUS"]
[Date "2014.02.05"]
[Round "5.4"]
[White "Eliseev, Urii"]
[Black "Andriasian, Zaven"]
[Result "1/2-1/2"]
[WhiteTitle "GM"]
[BlackTitle "GM"]
[WhiteElo "2549"]
[BlackElo "2611"]
[WhiteFideId "24131920"]
[BlackFideId "13302000"]

1. e4 c5 2. Nf3 d6 3. d4 cxd4 4. Nxd4 Nf6 5. Nc3 a6 6. Be3 e5 7. Nb3 Be7 8. h3
Be6 9. Qf3 Nc6 10. O-O-O Rc8 11. Kb1 O-O 12. g4 Na5 13. Bc1 b5 14. g5 Nd7 15. h4
Nxb3 16. cxb3 b4 17. Nd5 a5 18. Bd3 f6 19. g6 hxg6 20. Rdg1 Bf7 21. Bc4 Kh8 22.
Be3 Qe8 23. Rg3 a4 24. Rhg1 Rxc4 25. bxc4 b3 26. a3 Bd8 27. Ka1 Kh7 28. Bd2 Rh8
29. Qg4 Kg8 30. Bb4 Nb6 31. Ne3 Nxc4 32. Nxc4 Bxc4 33. Qxg6 Qxg6 34. Rxg6 Rh7
35. Bxd6 Kf7 36. Bc5 Ba5 37. Be3 Be2 38. R6g3 Bd8 39. Bc5 Ba5 40. Be3 Bd8 41.
Bc5 Ba5 42. f3 g6 43. Kb1 Ke6 44. Be3 Rd7 45. Ka1 Rd3 46. f4 Bc7 47. Bc5 Rd2 48.
Rxg6 exf4 49. Rg7 Bd6 50. Bxd6 Rxd6 51. R7g2 Bh5 52. Kb1 Ke5 53. Kc1 Rc6+ 54.
Kd2 f3 55. Rg7 Kf4 56. Kd3 f2 57. Rf1 Rc2 58. Kd4 Rxb2 59. Rh7 Bg4 60. Rf7 Rd2+
61. Kc3 Rc2+ 62. Kd4 f5 63. h5 b2 64. h6 Kg3 65. h7 Rc1 66. h8=Q b1=Q 67. Qe5+
Kg2 68. Rxf2+ Kxf2 69. Qf4+ Ke2 70. Qe3+ Kf1 71. Qf4+ Kg2 72. Qd2+ Kf1 73. Qf4+
Ke1 74. Qg3+ Ke2 1/2-1/2

[Event "Moscow Open F Student 2014"]
[Site "Moscow RUS"]
[Date "2014.02.05"]
[Round "5.5"]
[White "Vavulin, Maksim"]
[Black "Stukopin, Andrey"]
[Result "1-0"]
[WhiteTitle "IM"]
[BlackTitle "IM"]
[WhiteElo "2390"]
[BlackElo "2517"]
[WhiteFideId "4169530"]
[BlackFideId "24107131"]

1. e4 c5 2. Nf3 Nc6 3. d4 cxd4 4. Nxd4 Nf6 5. Nc3 d6 6. Bc4 Qb6 7. Nb3 e6 8. Bf4
Ne5 9. Be2 Bd7 10. Qd2 Be7 11. O-O-O Rc8 12. f3 O-O 13. g4 Rfd8 14. h4 a5 15.
Be3 Qc7 16. Nd4 Nc4 17. Bxc4 Qxc4 18. Qd3 a4 19. a3 d5 20. Qxc4 Rxc4 21. g5 Nh5
22. exd5 Bxa3 23. dxe6 Bxe6 24. Nxe6 Rdc8 25. Rd8+ Rxd8 26. Nxd8 Rxc3 27. Bb6
Nf4 28. bxa3 Nd5 29. Ba5 Rxa3 30. Kb2 Rxf3 31. Nxb7 Ne3 32. Nd6 a3+ 33. Kb1 a2+
34. Kb2 Rf2 35. Re1 a1=Q+ 36. Rxa1 Rxc2+ 37. Kb3 h6 38. Re1 Rc6 39. Bb4 Nd5 40.
g6 fxg6 41. Re8+ Kh7 42. Nf7 g5 43. Rh8+ Kg6 44. Ne5+ Kh5 45. Nxc6 Nxb4 46. Kxb4
gxh4 47. Ne5 h3 48. Nf3 Kg4 49. Rf8 Kg3 50. Ne1 g5 51. Kc3 g4 52. Kd2 Kh2 53.
Ke2 g3 54. Rg8 h5 55. Nf3+ Kg2 56. Nh4+ Kh2 57. Kf3 g2 58. Nxg2 1-0

[Event "Moscow Open F Student 2014"]
[Site "Moscow RUS"]
[Date "2014.02.06"]
[Round "6.1"]
[White "Belous, Vladimir"]
[Black "Stukopin, Andrey"]
[Result "1/2-1/2"]
[WhiteTitle "GM"]
[BlackTitle "IM"]
[WhiteElo "2569"]
[BlackElo "2517"]
[WhiteFideId "4174003"]
[BlackFideId "24107131"]
[EventDate "2014.02.01"]

1. e4 e5 2. Nf3 Nc6 3. Bb5 Nf6 4. O-O Nxe4 5. Re1 Nd6 6. Nxe5 Nxe5 7. Rxe5+ Be7
8. Bf1 O-O 9. d4 Bf6 10. Re1 Re8 11. c3 Rxe1 12. Qxe1 Ne8 13. Bf4 d5 14. Bd3 g6
15. Nd2 Ng7 16. Qe2 c6 17. Re1 Bf5 18. Bxf5 Nxf5 19. Nf3 Ng7 20. Be5 Ne6 21.
Bxf6 Qxf6 22. Ne5 Re8 23. Ng4 Qd8 24. Qe5 Ng7 25. Qxe8+ Nxe8 26. Rxe8+ Qxe8 27.
Nf6+ Kf8 28. Nxe8 Kxe8 29. f4 f5 30. b4 b5 31. h3 Kf7 32. Kf2 h6 33. g3 Kf6 34.
h4 h5 35. a3 Ke6 36. Kf3 a6 37. Kg2 Kd7 38. Kh1 Kc8 39. Kg1 Kb7 40. Kf1 Ka8 41.
Ke1 1/2-1/2

[Event "Moscow Open F Student 2014"]
[Site "Moscow RUS"]
[Date "2014.02.06"]
[Round "6.2"]
[White "Andriasian, Zaven"]
[Black "Vavulin, Maksim"]
[Result "1-0"]
[WhiteTitle "GM"]
[BlackTitle "IM"]
[WhiteElo "2611"]
[BlackElo "2390"]
[WhiteFideId "13302000"]
[BlackFideId "4169530"]
[EventDate "2014.02.01"]

1. e4 e5 2. Nf3 Nc6 3. Bc4 Nf6 4. d3 Bc5 5. c3 d6 6. O-O a6 7. Bb3 Ba7 8. Nbd2
O-O 9. h3 h6 10. Re1 Be6 11. Nf1 Re8 12. Bc2 d5 13. exd5 Bxd5 14. Ng3 Nh7 15.
Be3 Qf6 16. Ne4 Bxe4 17. dxe4 Rad8 18. Qc1 Bxe3 19. Rxe3 Ng5 20. Nh2 Rd6 21. b4
Red8 22. Nf1 Ne7 23. h4 Ne6 24. g3 g5 25. hxg5 hxg5 26. Nh2 Kg7 27. Qf1 g4 28.
Nxg4 Qg5 29. Nh2 Rh8 30. Qg2 Qh5 31. Bd3 Ng5 32. Be2 Qh7 33. Ng4 Nh3+ 34. Kf1
Nf4 35. gxf4 Qh1+ 36. Qg1 exf4 37. Rf3 Ng6 38. Rd1 Re6 39. Rd4 Qh4 40. Rfd3 Re7
41. Qg2 c6 42. Rd7 a5 43. R3d6 axb4 44. cxb4 Qg5 45. Qf3 Rh4 46. Qc3+ Kh7 47.
Rxe7 Qxe7 48. Nf6+ Kh8 49. Nh5+ Ne5 50. Rh6+ Kg8 51. Nf6+ Kg7 52. Rxh4 Qxf6 53.
Rh5 1-0

[Event "Moscow Open F Student 2014"]
[Site "Moscow RUS"]
[Date "2014.02.06"]
[Round "6.3"]
[White "Gordievsky, Dmitry"]
[Black "Eliseev, Urii"]
[Result "1/2-1/2"]
[WhiteTitle "FM"]
[BlackTitle "GM"]
[WhiteElo "2444"]
[BlackElo "2549"]
[WhiteFideId "24112798"]
[BlackFideId "24131920"]
[EventDate "2014.02.01"]

1. Nf3 d5 2. c4 dxc4 3. e3 Nf6 4. Bxc4 e6 5. O-O c5 6. Qe2 Be7 7. Rd1 O-O 8. d4
cxd4 9. exd4 a6 10. Nc3 b5 11. Bb3 Bb7 12. Bg5 Nbd7 13. d5 exd5 14. Nxd5 Bxd5
15. Bxd5 Nxd5 16. Rxd5 Bxg5 17. Nxg5 h6 18. Rad1 Re8 19. Qd2 hxg5 20. Rxd7 Qf6 1/2-1/2

[Event "Moscow Open F Student 2014"]
[Site "Moscow RUS"]
[Date "2014.02.06"]
[Round "6.4"]
[White "Dragun, Kamil"]
[Black "Artemiev, Vladislav"]
[Result "0-1"]
[WhiteTitle "GM"]
[BlackTitle "IM"]
[WhiteElo "2517"]
[BlackElo "2595"]
[WhiteFideId "1134167"]
[BlackFideId "24101605"]
[EventDate "2014.02.01"]

1. d4 d5 2. c4 c6 3. Nc3 Nf6 4. cxd5 cxd5 5. Bf4 Qb6 6. e3 Bf5 7. Rc1 Nc6 8. Bd3
Bxd3 9. Qxd3 e6 10. Nf3 Be7 11. O-O O-O 12. Na4 Qb4 13. Qc2 Ne4 14. a3 Qb5 15.
Nc5 Nxc5 16. dxc5 Bf6 17. Bd6 Rfc8 18. Rb1 Na5 19. e4 Nc4 20. Bg3 Rxc5 21. Qd3
Nxb2 22. Qe3 Qc6 23. exd5 Rxd5 24. Rfc1 Nc4 25. Qb3 b5 26. a4 a6 0-1

[Event "Moscow Open F Student 2014"]
[Site "Moscow RUS"]
[Date "2014.02.06"]
[Round "6.5"]
[White "Bajarani, Ulvi"]
[Black "Bernadskiy, Vitaliy"]
[Result "0-1"]
[WhiteTitle "GM"]
[BlackTitle "IM"]
[WhiteElo "2504"]
[BlackElo "2565"]
[WhiteFideId "13403028"]
[BlackFideId "14100371"]
[EventDate "2014.02.01"]

1. e4 e5 2. Nf3 Nc6 3. Bb5 Bc5 4. O-O Nd4 5. Bc4 Nxf3+ 6. Qxf3 Qf6 7. Qg3 d6 8.
Nc3 c6 9. d3 Qg6 10. Qxg6 hxg6 11. Bd2 Nf6 12. Bb3 a5 13. a4 Ke7 14. Ne2 Bb6 15.
Rae1 Nd7 16. c3 Nc5 17. Bc2 Be6 18. Be3 f5 19. exf5 gxf5 20. d4 Nd7 21. b3 Kf7
22. dxe5 dxe5 23. Bxb6 Nxb6 24. Ng3 Kf6 25. Re2 Nd5 26. Rfe1 e4 27. c4 Nf4 28.
Re3 Rhd8 29. h4 Rh8 30. f3 Rad8 31. fxe4 Rd2 32. Ne2 Nxe2+ 33. R1xe2 Rxe2 34.
Rxe2 f4 35. e5+ Ke7 36. g3 fxg3 37. Re3 Rxh4 38. Rxg3 Rg4 39. Kf2 Rxg3 40. Kxg3
g5 41. Kf3 Bh3 42. Bh7 Ke6 43. Ke4 Bg2+ 44. Kd4 c5+ 45. Kxc5 Kxe5 46. Bd3 g4 47.
Kb6 g3 48. Kxa5 Bh3 0-1

[Event "Moscow Open F Student 2014"]
[Site "Moscow RUS"]
[Date "2014.02.07"]
[Round "7.1"]
[White "Bernadskiy, Vitaliy"]
[Black "Belous, Vladimir"]
[Result "0-1"]
[WhiteTitle "IM"]
[BlackTitle "GM"]
[WhiteElo "2565"]
[BlackElo "2569"]
[WhiteFideId "14100371"]
[BlackFideId "4174003"]
[EventDate "2014.02.01"]

1. f4 d5 2. Nf3 g6 3. d3 Nf6 4. g3 Bg7 5. Bg2 O-O 6. O-O c5 7. Qe1 Nc6 8. c3 Re8
9. Qf2 d4 10. Ne5 Nd5 11. c4 Nf6 12. h3 Qc7 13. g4 Nb4 14. e4 dxe3 15. Bxe3 Rd8
16. Qe2 Nd7 17. Nf3 Nb6 18. Ne1 Na4 19. a3 Nc6 20. Qc2 Qb6 21. Ra2 Nxb2 22. Nc3
Bxc3 23. Qxc3 Nd1 24. Qd2 Nxe3 25. Qxe3 Nd4 26. f5 Qd6 27. Raf2 gxf5 28. gxf5
Qf6 29. Be4 Kh8 30. Ng2 Rg8 31. Kh1 Rb8 32. Nf4 Bxf5 33. Nd5 Bxe4+ 34. Qxe4 Qh6
35. h4 f5 36. Qxe7 Rg7 37. Qxc5 Nf3 0-1

[Event "Moscow Open F Student 2014"]
[Site "Moscow RUS"]
[Date "2014.02.07"]
[Round "7.2"]
[White "Artemiev, Vladislav"]
[Black "Bajarani, Ulvi"]
[Result "1-0"]
[WhiteTitle "IM"]
[BlackTitle "GM"]
[WhiteElo "2595"]
[BlackElo "2504"]
[WhiteFideId "24101605"]
[BlackFideId "13403028"]
[EventDate "2014.02.01"]

1. e4 e6 2. d4 d5 3. Nc3 Nf6 4. Bg5 Be7 5. e5 Nfd7 6. Bxe7 Qxe7 7. f4 O-O 8. Nf3
c5 9. Qd2 Nc6 10. dxc5 a6 11. Bd3 Nxc5 12. O-O f6 13. exf6 Qxf6 14. g3 Bd7 15.
Rae1 Rae8 16. Qf2 Nxd3 17. cxd3 Qf5 18. d4 b5 19. Qd2 Rc8 20. Nd1 h6 21. Nf2 Ne7
22. Nd3 Rc6 23. Nfe5 Rc7 24. Nc5 Bc8 25. Qa5 Ra7 26. Qb6 Ra8 27. g4 1-0

[Event "Moscow Open F Student 2014"]
[Site "Moscow RUS"]
[Date "2014.02.07"]
[Round "7.3"]
[White "Eliseev, Urii"]
[Black "Dragun, Kamil"]
[Result "1-0"]
[WhiteTitle "GM"]
[BlackTitle "GM"]
[WhiteElo "2549"]
[BlackElo "2517"]
[WhiteFideId "24131920"]
[BlackFideId "1134167"]
[EventDate "2014.02.01"]

1. e4 c5 2. Nf3 e6 3. d4 cxd4 4. Nxd4 Nc6 5. Nc3 Qc7 6. Be3 a6 7. Qd2 Nf6 8.
O-O-O Be7 9. f3 b5 10. Nxc6 dxc6 11. g4 e5 12. h4 Be6 13. Qf2 Bb4 14. a3 Be7 15.
Bh3 b4 16. axb4 Bxb4 17. g5 Nd7 18. Bxe6 fxe6 19. Na2 Qa5 20. Nxb4 Qxb4 21. Rd3
Rb8 22. Rb3 Qa5 23. Rxb8+ Nxb8 24. Kb1 Nd7 25. Rd1 Ke7 26. f4 Rb8 27. f5 Qb4 28.
Bc1 exf5 29. Qxf5 1-0

[Event "Moscow Open F Student 2014"]
[Site "Moscow RUS"]
[Date "2014.02.07"]
[Round "7.4"]
[White "Vavulin, Maksim"]
[Black "Gordievsky, Dmitry"]
[Result "1-0"]
[WhiteTitle "IM"]
[BlackTitle "FM"]
[WhiteElo "2390"]
[BlackElo "2444"]
[WhiteFideId "4169530"]
[BlackFideId "24112798"]
[EventDate "2014.02.01"]

1. e4 c5 2. Nf3 d6 3. d4 cxd4 4. Nxd4 Nf6 5. Nc3 a6 6. Be3 e5 7. Nb3 Be6 8. h3
Be7 9. g4 d5 10. exd5 Nxd5 11. Bg2 Nxe3 12. Qxd8+ Bxd8 13. fxe3 Bh4+ 14. Ke2
Bc4+ 15. Kd2 Nc6 16. Bxc6+ bxc6 17. Na5 Be6 18. Nxc6 f6 19. Nb4 O-O-O+ 20. Ke2
Bc4+ 21. Nd3 e4 22. Nxe4 Bd5 23. Nec5 Bxh1 24. Rxh1 Rd6 25. b4 Re8 26. Kf3 Rc6
27. a4 Bg5 28. e4 Rd8 29. h4 Bd2 30. b5 axb5 31. axb5 Rb6 32. Rb1 h5 33. gxh5
Bh6 34. Na4 Re6 35. Ndc5 Re5 36. Nb6+ Kc7 37. Nd5+ Kb8 38. b6 f5 39. Nb4 fxe4+
40. Kg4 1-0

[Event "Moscow Open F Student 2014"]
[Site "Moscow RUS"]
[Date "2014.02.07"]
[Round "7.5"]
[White "Stukopin, Andrey"]
[Black "Andriasian, Zaven"]
[Result "1-0"]
[WhiteTitle "IM"]
[BlackTitle "GM"]
[WhiteElo "2517"]
[BlackElo "2611"]
[WhiteFideId "24107131"]
[BlackFideId "13302000"]
[EventDate "2014.02.01"]

1. e4 c5 2. Nf3 d6 3. d4 cxd4 4. Nxd4 Nf6 5. Nc3 a6 6. Be3 e5 7. Nb3 Be7 8. h3
O-O 9. Qd2 b5 10. g4 Bb7 11. Bg2 b4 12. Nd5 Nxd5 13. exd5 a5 14. a3 bxa3 15.
Rxa3 a4 16. Nc1 Nd7 17. O-O Nb6 18. Qb4 Ra6 19. Rd1 Bg5 20. Bxg5 Qxg5 21. Bf1
Qd8 22. Bxa6 Bxa6 23. Qa5 Bb7 24. Ne2 f5 25. gxf5 Rxf5 26. Rxa4 h5 27. Ng3 Rf4
28. Rb4 Rxb4 29. Qxb4 Bxd5 30. Nxh5 Qg5+ 31. Qg4 Qh6 32. h4 Kf7 33. Ra1 Bb7 34.
Qxg7+ Qxg7+ 35. Nxg7 1-0

[Event "Moscow Open F Student 2014"]
[Site "Moscow RUS"]
[Date "2014.02.08"]
[Round "8.1"]
[White "Belous, Vladimir"]
[Black "Andriasian, Zaven"]
[Result "0-1"]
[WhiteTitle "GM"]
[BlackTitle "GM"]
[WhiteElo "2569"]
[BlackElo "2611"]
[WhiteFideId "4174003"]
[BlackFideId "13302000"]
[EventDate "2014.02.01"]

1. d4 Nf6 2. c4 c5 3. d5 b5 4. cxb5 a6 5. bxa6 Bxa6 6. Nc3 d6 7. Nf3 g6 8. e4
Bxf1 9. Kxf1 Bg7 10. g3 O-O 11. Kg2 Nbd7 12. Re1 Ng4 13. Re2 Qa5 14. Rc2 Qa6 15.
Ne1 Nge5 16. b3 c4 17. b4 Nd3 18. Rb1 Nxc1 19. Qxc1 Nb6 20. Qe3 Qb7 21. Nf3 Ra3
22. Nd4 Na4 23. Ndb5 Nxc3 24. Nxc3 f5 25. Rbc1 f4 26. gxf4 Bh6 27. Qh3 Bxf4 28.
Rb1 Be5 29. Qe6+ Kg7 30. Ne2 h5 31. Rxc4 Rxa2 32. Kf1 Qa7 33. Rc5 Ra1 34. Rxa1 0-1

[Event "Moscow Open F Student 2014"]
[Site "Moscow RUS"]
[Date "2014.02.08"]
[Round "8.2"]
[White "Gordievsky, Dmitry"]
[Black "Stukopin, Andrey"]
[Result "1/2-1/2"]
[WhiteTitle "FM"]
[BlackTitle "IM"]
[WhiteElo "2444"]
[BlackElo "2517"]
[WhiteFideId "24112798"]
[BlackFideId "24107131"]
[EventDate "2014.02.01"]

1. Nf3 c5 2. c4 g6 3. d4 Bg7 4. d5 d6 5. e4 e6 6. Nc3 exd5 7. exd5 Nd7 8. Bd3
Qe7+ 9. Be3 Bh6 10. O-O Bxe3 11. fxe3 Ngf6 12. Qd2 O-O 13. h3 Ne5 14. Nxe5 Qxe5
15. Rf4 Nh5 16. Rf3 f5 17. Qf2 Bd7 18. Rf1 Rf6 19. g4 fxg4 20. Rxf6 Nxf6 21.
Qxf6 Qg3+ 22. Kh1 Qxh3+ 23. Kg1 Qg3+ 24. Kh1 Qh3+ 25. Kg1 1/2-1/2

[Event "Moscow Open F Student 2014"]
[Site "Moscow RUS"]
[Date "2014.02.08"]
[Round "8.3"]
[White "Dragun, Kamil"]
[Black "Vavulin, Maksim"]
[Result "1/2-1/2"]
[WhiteTitle "GM"]
[BlackTitle "IM"]
[WhiteElo "2517"]
[BlackElo "2390"]
[WhiteFideId "1134167"]
[BlackFideId "4169530"]
[EventDate "2014.02.01"]

1. d4 Nf6 2. c4 e6 3. Nf3 c5 4. d5 exd5 5. cxd5 d6 6. Nc3 g6 7. Nd2 Bg7 8. e4
O-O 9. Be2 Re8 10. O-O Na6 11. Re1 Nc7 12. a4 a6 13. Qc2 Rb8 14. a5 Bd7 15. Nc4
Nb5 16. Bf1 Nd4 17. Qd1 Bb5 18. Bf4 Nh5 19. Bd2 Bxc4 20. Bxc4 b5 21. axb6 Rxb6
22. Na4 Rb8 23. Ra2 a5 24. b3 Rb7 25. Nc3 Rbe7 26. f3 f5 27. Kh1 Re5 28. g3 Kh8
29. Kg2 Nf6 30. Bd3 fxe4 31. fxe4 Qb6 32. Rf1 g5 33. Rb2 h6 34. Be1 R5e7 35.
Rbf2 Nd7 36. Bc4 Ne5 37. Qh5 Nxb3 38. Bb5 Rb8 39. Rf6 Bxf6 40. Qxh6+ Kg8 41.
Rxf6 Rh7 42. Qxg5+ Rg7 43. Qh5 Nd4 44. Be8 Qb2+ 45. Rf2 Qa1 46. Bd2 Rb2 47. Nd1
Ndf3 48. Bb5 Rg6 49. Rxf3 Rxd2+ 50. Nf2 Qb1 51. Qf5 Qxb5 52. Qf8+ Kh7 53. Qe7+
Rg7 1/2-1/2

[Event "Moscow Open F Student 2014"]
[Site "Moscow RUS"]
[Date "2014.02.08"]
[Round "8.4"]
[White "Bajarani, Ulvi"]
[Black "Eliseev, Urii"]
[Result "1-0"]
[WhiteTitle "GM"]
[BlackTitle "GM"]
[WhiteElo "2504"]
[BlackElo "2549"]
[WhiteFideId "13403028"]
[BlackFideId "24131920"]
[EventDate "2014.02.01"]

1. e4 c5 2. Nf3 d6 3. d4 cxd4 4. Nxd4 Nf6 5. Nc3 Nc6 6. Bg5 Bd7 7. Qd2 Rc8 8.
Bxf6 gxf6 9. Nf5 Qa5 10. Bd3 Nb4 11. a3 e6 12. Nd4 Nxd3+ 13. Qxd3 a6 14. f4 h5
15. O-O-O Rg8 16. g3 Be7 17. Kb1 Qb6 18. Nb3 Rc7 19. Nd2 Qc5 20. e5 dxe5 21. Nb3
Qc6 22. fxe5 f5 23. Ka2 Rg4 24. h3 Rg8 25. g4 hxg4 26. hxg4 Rxg4 27. Rh8+ Bf8
28. Qd2 Rg6 29. Ne2 a5 30. Nf4 Rh6 31. Rg8 Rh4 32. Nxa5 Qc5 33. Nb3 Qe7 34. Qf2
Rc4 35. Nd4 Rg4 36. Rxg4 fxg4 37. Nh5 Kd8 38. Nb5 Qc5 39. Qxf7 Qe7 40. Qf1 Qc5
41. Nf6 Qxb5 42. Nxd7 Bxa3 43. Nb6+ 1-0

[Event "Moscow Open F Student 2014"]
[Site "Moscow RUS"]
[Date "2014.02.08"]
[Round "8.5"]
[White "Bernadskiy, Vitaliy"]
[Black "Artemiev, Vladislav"]
[Result "1/2-1/2"]
[WhiteTitle "IM"]
[BlackTitle "IM"]
[WhiteElo "2565"]
[BlackElo "2595"]
[WhiteFideId "14100371"]
[BlackFideId "24101605"]
[EventDate "2014.02.01"]

1. Nf3 Nf6 2. g3 g6 3. b3 Bg7 4. Bb2 c5 5. c4 Nc6 6. Bg2 O-O 7. O-O Qa5 8. e3
Rd8 9. d4 cxd4 10. Nxd4 d5 11. Bc3 Qc7 12. Nxc6 bxc6 13. cxd5 Ba6 14. Re1 cxd5
15. Qc1 Rac8 16. Qb2 Ne8 17. Bxg7 Nxg7 18. Nd2 Qc2 19. Qa3 Qxd2 20. Qxa6 Rc7 21.
Red1 Qc3 22. Qa3 Qe5 23. Qa5 Ne6 24. Rab1 Rcd7 25. e4 Nd4 26. Rd2 Nc6 27. Qa4
Qc3 28. Rdd1 dxe4 29. Rxd7 Rxd7 30. Bxe4 Ne5 31. Qb5 Rd2 32. Rf1 Qd4 33. Bg2 Ng4
34. Qc4 Qxc4 35. bxc4 Rc2 36. h3 Nf6 37. Rb1 e6 38. Rb7 a5 39. Ra7 Rxa2 40. c5
a4 41. c6 Kg7 1/2-1/2

[Event "Moscow Open F Student 2014"]
[Site "Moscow RUS"]
[Date "2014.02.09"]
[Round "9.1"]
[White "Artemiev, Vladislav"]
[Black "Belous, Vladimir"]
[Result "1-0"]
[WhiteTitle "IM"]
[BlackTitle "GM"]
[WhiteElo "2595"]
[BlackElo "2569"]
[WhiteFideId "24101605"]
[BlackFideId "4174003"]
[EventDate "2014.02.01"]

1. c4 Nf6 2. Nf3 e6 3. g3 b6 4. Bg2 Bb7 5. O-O Be7 6. d4 O-O 7. d5 exd5 8. Nh4
Ne4 9. cxd5 Nd6 10. Nf3 Bf6 11. Nc3 Na6 12. Bf4 Bxc3 13. bxc3 Nc5 14. Qc2 Qf6
15. Nd4 Rfe8 16. Rfe1 Ba6 17. Rad1 Qg6 18. Qc1 Bc4 19. a3 a5 20. Bxd6 Qxd6 21.
Nf5 Qf6 22. Ne3 Nb3 23. Qc2 Rxe3 24. fxe3 d6 25. Rf1 Qe5 26. e4 g6 27. Rf4 Rf8
28. Rdf1 Kg7 29. h4 Nc5 30. Qd2 b5 31. h5 Nb3 32. Qe3 Nc5 33. hxg6 hxg6 34. Rh4
Kg8 35. Kf2 Re8 36. Rfh1 Kf8 37. Rh7 Ke7 38. R1h4 Nd7 39. Rf4 Rf8 40. Bh3 Nf6
41. Qa7 g5 42. Qxc7+ Ke8 43. Qc8+ Ke7 44. Qb7+ Ke8 45. Rxf6 Qxf6+ 46. Bf5 1-0

[Event "Moscow Open F Student 2014"]
[Site "Moscow RUS"]
[Date "2014.02.09"]
[Round "9.2"]
[White "Eliseev, Urii"]
[Black "Bernadskiy, Vitaliy"]
[Result "1-0"]
[WhiteTitle "GM"]
[BlackTitle "IM"]
[WhiteElo "2549"]
[BlackElo "2565"]
[WhiteFideId "24131920"]
[BlackFideId "14100371"]
[EventDate "2014.02.01"]

1. e4 d6 2. d4 Nf6 3. Nc3 e5 4. Nf3 Nbd7 5. Bc4 exd4 6. Qxd4 Be7 7. Bg5 h6 8.
Bh4 Nb6 9. O-O-O O-O 10. Rhe1 Nfd7 11. Bxe7 Qxe7 12. e5 dxe5 13. Nxe5 Nxe5 14.
Rxe5 Qf6 15. Bb3 Nd7 16. Ree1 Qxd4 17. Rxd4 Nc5 18. Re7 c6 19. Bc4 b5 20. Be2 a5
21. Bf3 Ra6 22. Rd6 b4 23. Ne4 Nb7 24. Rxb7 Bxb7 25. Nc5 Rb6 26. Nd7 Rb5 27.
Nxf8 Kxf8 28. Rd7 Ba6 29. Bxc6 Rf5 30. f3 Bc4 31. Be4 Rc5 32. b3 Be6 33. Ra7 Bf5
34. Bxf5 Rxf5 35. Rc7 Re5 36. Kd2 Rd5+ 37. Ke3 Re5+ 38. Kd3 Rd5+ 39. Kc4 Rd2 40.
Kb5 Rxg2 41. Kxa5 Rxh2 42. Kxb4 Re2 43. a4 h5 44. a5 Re8 45. f4 h4 46. Rc3 Re4+
47. Kb5 Rxf4 48. a6 Rf1 49. Rc4 Rf5+ 50. Rc5 Rf1 51. Rh5 1-0

[Event "Moscow Open F Student 2014"]
[Site "Moscow RUS"]
[Date "2014.02.09"]
[Round "9.3"]
[White "Vavulin, Maksim"]
[Black "Bajarani, Ulvi"]
[Result "0-1"]
[WhiteTitle "IM"]
[BlackTitle "GM"]
[WhiteElo "2390"]
[BlackElo "2504"]
[WhiteFideId "4169530"]
[BlackFideId "13403028"]
[EventDate "2014.02.01"]

1. e4 c5 2. Nf3 d6 3. d4 cxd4 4. Nxd4 Nf6 5. Nc3 a6 6. Be3 e5 7. Nb3 Be6 8. h3
Nbd7 9. g4 h6 10. Qd2 Rc8 11. O-O-O Be7 12. f4 b5 13. Kb1 Qc7 14. Bg2 b4 15. Nd5
Bxd5 16. exd5 O-O 17. Bf3 Nb6 18. Bxb6 Qxb6 19. h4 Rc4 20. g5 Rxf4 21. gxf6 Bxf6
22. Qg2 Bxh4 23. Rdg1 Bg5 24. Nc1 Qe3 25. Rf1 e4 26. Be2 Rxf1 27. Rxf1 a5 28.
Nb3 Ra8 29. Bb5 a4 30. Bc6 Ra7 31. Nc1 f5 32. Qe2 Qd4 33. Rxf5 a3 34. c3 bxc3
35. bxc3 Qxc3 36. Nb3 Rf7 37. Rxf7 Kxf7 38. Bd7 g6 39. Be6+ Kg7 40. Bd7 h5 41.
Be6 h4 42. Bg4 h3 43. Bxh3 Qxh3 44. Qxe4 Qf1+ 45. Kc2 Qf2+ 46. Kd3 Qxa2 47. Qd4+
Kh7 48. Kc4 Qc2+ 49. Kb4 a2 50. Qa7+ Kh6 51. Qd4 Kh5 52. Qh8+ Kg4 53. Qd4+ Kf5
54. Qh8 Bf6 55. Qh3+ Kf4 56. Qf1+ Kg5 57. Qg1+ Kh6 58. Qe3+ g5 59. Qh3+ Kg6 60.
Qe3 Qxb3+ 61. Kxb3 a1=Q 62. Qe8+ Kf5 63. Qe6+ Kf4 64. Qxd6+ Qe5 0-1